Hiragana + Dakuten - Statistics

General Stats
  • This quiz has been taken 1,289 times
  • The average score is 59 of 70
Answer Stats
Hiragana Romaji % Correct
ku
99%
e
98%
i
98%
o
98%
a
97%
ki
97%
n
97%
u
97%
ka
96%
ko
96%
sa
96%
su
96%
ke
95%
na
95%
se
95%
shi
95%
ta
95%
te
95%
tsu
95%
chi
94%
ni
94%
no
94%
so
94%
to
94%
fu
93%
ha
92%
he
92%
mu
92%
ne
92%
hi
91%
ma
91%
mi
91%
nu
91%
ho
90%
me
90%
mo
90%
ri
89%
ya
89%
yu
88%
re
86%
yo
86%
ro
85%
ru
85%
ra
84%
wo
83%
ga
81%
zo
80%
ge
78%
gi
78%
go
77%
gu
77%
wa
74%
ji
73%
ji
73%
zu
72%
zu
72%
za
71%
da
69%
de
68%
do
66%
ba
63%
be
63%
bi
61%
bo
59%
bu
58%
pa
57%
pe
56%
pi
56%
po
56%
pu
55%
No matching quizzes found
Score Distribution
Percent of People with Each Score
Percentile by Number Answered
Your Score History
You have not taken this quiz